| 000 | 01004nam a22002177a 4500 | ||
|---|---|---|---|
| 003 | BUBTL | ||
| 008 | 211213b ||||| |||| 00| 0 eng d | ||
| 020 | _a9789847320113 | ||
| 082 | _a954.925/ Al118s/ 2015 | ||
| 100 |
_94465 _aআলমগীর, মো. শাহ |
||
| 245 |
_aসংবাদপত্রে বঙ্গবন্ধু : দ্বিতীয় খন্ড - ষাটের দশক ( প্রথম পর্ব ) / _cমো. শাহ আলমগীর |
||
| 250 | _a1st Edn. | ||
| 260 |
_aঢাকা : _bবাংলাদেশ প্রেস ইনস্টিটিউট, _cc2015 |
||
| 300 |
_a668 p.: _c22 cm. |
||
| 505 | _aসংবাদপত্রে বঙ্গবন্ধু, সংবাদপত্র, বঙ্গবন্ধু, মো. শাহ আলমগীর | ||
| 650 | 0 |
_93574 _aবঙ্গবন্ধু |
|
| 650 | 0 |
_94372 _aBangabandhu |
|
| 856 |
_k0 _l0 _yDownload |
||
| 942 |
_2ddc _cBK |
||
| 999 |
_c6617 _d6617 |
||